[Event "TUN-ch sf"]
[Site "Monastir"]
[Date "2024.03.23"]
[Round "4"]
[White "Farhat, Mohamed Tawfik"]
[Black "Jalleli, Youssef"]
[Result "1-0"]
[WhiteElo "1933"]
[BlackElo "1639"]
[PlyCount "69"]
[EventDate "2024.03.21"]
[EventType "swiss"]
[EventRounds "9"]
[EventCountry "TUN"]
[SourceTitle "CB15_2024"]
[SourceDate "2024.04.10"]
[SourceVersion "1"]
[SourceVersionDate "2024.04.10"]
[SourceQuality "1"]

1. e4 e6 2. d4 d5 3. e5 c5 4. c3 Qb6 5. Nf3 Bd7 6. Be2 Bb5 7. 0-0 cxd4 8. cxd4 Bxe2 9. Qxe2 Qa6 10. Qc2 Nc6 11. Bd2 Nge7 12. Bc3 Rc8 13. Nbd2 Nf5 14. Qd1 Qd3 15. Qa4 h5 16. Rfc1 Be7 17. Ne1 Qa6 18. Qd1 Ncxd4 19. Bxd4 Rxc1 20. Rxc1 Nxd4 21. Rc8+ Bd8 22. Nc4 Kd7 23. Nd6 Nf5 24. Nd3 b6 25. Nb4 Qa5 26. Nc6 Qxa2 27. Nb8+ Ke7 28. Nb5 Qxb2 29. Nxa7 f6 30. Nac6+ Kf7 31. Nxd8+ Kg6 32. Nbc6 Re8 33. h3 fxe5 34. Rc7 Rf8 35. Qd3 1-0